[Event "Jubilee Open"]
[Site "Zuerich SUI"]
[Date "2009.08.14"]
[Round "8"]
[White "Gopal,G"]
[Black "Kuzubov,Y"]
[Result "0-1"]
[WhiteElo "2575"]
[BlackElo "2635"]

1.e4 c5 2.Nf3 Nc6 3.Nc3 g6 4.d4 cxd4 5.Nxd4 Bg7 6.Be3 Nf6 7.Bc4 O-O 8.Bb3 d6
9.f3 Bd7 10.Qd2 Na5 11.O-O-O Nxb3+ 12.cxb3 Qb8 13.Kb1 b5 14.h4 b4 15.Na4 Rc8
16.h5 Rc7 17.g4 Qb7 18.hxg6 fxg6 19.Bh6 Bh8 20.Bg5 Nxe4 21.fxe4 Qxe4+ 22.Ka1 Bxg4
23.Qh2 h5 24.Rhe1 Qd5 25.Ne6 Bxd1 26.Nxc7 Qxg5 27.Rxd1 Rc8 28.Qc2 Qg4 29.Rc1 Bf6
30.Qb1 Qf5 31.Qxf5 gxf5 32.Rg1+ Kf7 33.Nd5 Bd4 34.Rh1 Rg8 35.Kb1 Rg1+ 36.Rxg1 Bxg1
37.Nf4 h4 38.Kc2 Be3 39.Nh3 Kf6 40.Kd3 f4 41.Ke4 e5 42.a3 a5 43.axb4 axb4
44.Kf3 Kf5 45.Nf2 d5 46.Nh3 e4+ 47.Kg2 f3+ 48.Kf1 Kg4 49.Nc3 bxc3  0-1

[Event "2nd WCT GM"]
[Site "Moscow RUS"]
[Date "2009.08.15"]
[Round "7"]
[White "Ulko,J"]
[Black "Rozanov,P"]
[Result "1/2-1/2"]
[WhiteElo "2478"]
[BlackElo "2308"]

1.Nf3 c5 2.e4 Nc6 3.Nc3 g6 4.d4 cxd4 5.Nxd4 Bg7 6.Be3 Nf6 7.Bc4 Qa5 8.O-O O-O
9.Bb3 d6 10.h3 Bd7 11.f4 Nxd4 12.Bxd4 Bc6 13.Qe2 Qb4 14.Rad1 Nxe4 15.Bxg7 Kxg7
16.Nd5 Qc5+ 17.Kh2 Nf6 18.Nc7 Bxg2 19.Qxe7 Bxh3 20.Kxh3 Qh5+ 21.Kg2 Qg4+
22.Kh2 Qh4+ 23.Kg2 Qg4+  1/2-1/2

[Event "XVIII TCh-MKD"]
[Site "Struga MKD"]
[Date "2009.08.15"]
[Round "6"]
[White "Petrov,Sa"]
[Black "Veleski,R"]
[Result "0-1"]
[WhiteElo "2125"]
[BlackElo "2257"]

1.e4 c5 2.Nc3 Nc6 3.Nge2 g6 4.d4 cxd4 5.Nxd4 Bg7 6.Be3 Nf6 7.h3 O-O 8.Be2 d5
9.Nxc6 bxc6 10.exd5 Nxd5 11.Nxd5 cxd5 12.c3 Rb8 13.Qd2 Qa5 14.O-O e5 15.Rfd1 Be6
16.b3 Rfc8 17.Rac1 Qa3 18.f4 e4 19.Rc2 a5 20.Ba7 Ra8 21.Bd4 Bh6 22.Rf1 Qe7
23.g4 f5 24.g5 Bf8 25.h4 Qc7 26.Kg2 Bd6 27.c4 dxc4 28.Bxc4 Bxc4 29.Rxc4 Qb7
30.Rxc8+ Rxc8 31.Be3 Bb4 32.Qd4 Bc3 33.Qd6 Bg7 34.Rd1 Qc6 35.Qxc6 Rxc6 36.Rd5 Bc3
37.h5 Bb4 38.hxg6 hxg6 39.a3 Rc2+ 40.Kf1 Bxa3 41.Rxa5 Rc3 42.Ra8+ Kf7 43.Ra7+ Ke6
44.Ra6+ Kd5 45.Ke2 Bd6 46.Ra5+ Bc5 47.Bg1 Kc6 48.Bxc5 Rxc5 49.Ra6+ Kd5 50.Rxg6 Rc2+
51.Ke1 e3 52.Rh6 Ke4 53.Re6+ Kf3 54.Kd1 Rg2 55.g6 Rg1+ 56.Kc2 e2 57.g7 Rxg7
58.b4 Rg1  0-1

[Event "A2Bmedialtd.com Int Gp C"]
[Site "Uxbridge ENG"]
[Date "2009.08.15"]
[Round "7"]
[White "Josse,Mar"]
[Black "Jackson,J"]
[Result "0-1"]
[WhiteElo "2045"]
[BlackElo "2045"]

1.e4 c5 2.Nc3 Nc6 3.Bb5 Na5 4.Nf3 a6 5.Be2 e6 6.d4 cxd4 7.Nxd4 Qc7 8.O-O Nf6
9.f4 d6 10.a4 b6 11.Kh1 Bb7 12.Bd3 Be7 13.Qe2 h5 14.Bd2 h4 15.Kg1 h3 16.g3 Nc6
17.Nf3 Nb8 18.Rae1 Nbd7 19.f5 exf5 20.exf5 Ne5 21.Nxe5 dxe5 22.Qxe5 Qxe5
23.Rxe5 Kf8 24.Re2 Re8 25.Be3 Bd8 26.Bd4 Bc7 27.Bxf6 gxf6 28.Rfe1 Be5 29.Be4 Bxe4
30.Rxe4 Rd8 31.Kf2 Rh5 32.Kf3 Rxf5+ 33.Kg4 Rf2 34.Kxh3 Bxc3 35.bxc3 Rdd2
36.Re8+ Kg7 37.Kg4 f5+ 38.Kh4 Rxh2+ 39.Kg5 Rdf2 40.R8e7 Rhg2 41.Kh4 Kg6 42.g4 Rxg4+
43.Kh3 Rf3+ 44.Kh2 f4 45.Rg1 Rf2+  0-1

[Event "Jubilee Open"]
[Site "Zuerich SUI"]
[Date "2009.08.15"]
[Round "9"]
[White "Safarli,E"]
[Black "Hobuss,U"]
[Result "1/2-1/2"]
[WhiteElo "2597"]
[BlackElo "2400"]

1.e4 c5 2.Nf3 Nc6 3.Nc3 e6 4.Bb5 Nd4 5.O-O a6 6.Bd3 Ne7 7.Nxd4 cxd4 8.Ne2 Nc6
9.c3 Qb6 10.b4 g6 11.a4 Bg7 12.Ba3 Ne5 13.Qc2 dxc3 14.b5 Nxd3 15.Qxd3 cxd2
16.Rab1 Qd8 17.Bd6 b6 18.Rfd1 axb5 19.axb5 Bb7 20.f3 f6 21.Rxd2 Rc8 22.Ra1 Ra8
23.Rad1 Rc8 24.Qa3 Ra8 25.Qb4 Bc8 26.Qc3 Bf8 27.Nf4 Kf7 28.Bxf8 Rxf8 29.Rd6 Qe7
30.Qc7  1/2-1/2

[Event "Abu Dhabi Festival Open"]
[Site "Abu Dhabi UAE"]
[Date "2009.08.16"]
[Round "5"]
[White "Sanal,V"]
[Black "Ali,L"]
[Result "1-0"]
[WhiteElo "1976"]
[BlackElo "2308"]

1.e4 c5 2.Nf3 Nc6 3.Nc3 d6 4.d4 cxd4 5.Nxd4 Nf6 6.Bg5 e6 7.Qd2 a6 8.O-O-O Nxd4
9.Qxd4 Be7 10.f4 b5 11.Be2 Bb7 12.Bf3 Qc7 13.Bxf6 gxf6 14.f5 h5 15.a3 Qc5
16.Qd3 O-O-O 17.h4 Qe5 18.Kb1 Kb8 19.Rhe1 Qf4 20.Ne2 Qe5 21.Nd4 Rc8 22.fxe6 fxe6
23.g4 hxg4 24.Bxg4 Rcg8 25.Bxe6 Rg3 26.Qf1 Bd8 27.Bd5 Bb6 28.Nf5 Rg1 29.Qe2 Rxe1
30.Qxe1 Bc8 31.Bb3 Bxf5 32.exf5 Qxe1 33.Rxe1 Kc7 34.Rh1 Rh5 35.Bf7 Rh8 36.Rh3 Bd4
37.h5 Rh6 38.Bg6 Be5 39.c3 Bf4 40.Kc2 Rh8 41.Rh4 Bh6 42.Re4 Kd7 43.a4 Rb8
44.axb5 axb5 45.Kb3 Ra8 46.Bf7 Bc1 47.Kc2 Bg5 48.Bd5 Rh8 49.Be6+ Kc6 50.Bf7 Kd7
51.Re1 Rh7 52.Be8+ Kc7 53.Bg6 Rh8 54.Ra1 Kb6 55.Kd3 Rc8 56.Kd4 Rc5 57.Ra8 Re5
58.Rh8 Re2 59.h6 Rd2+ 60.Ke4 d5+ 61.Kf3 Bxh6 62.Rxh6 Rxb2 63.Ke3 Kc5 64.Kd3 Rf2
65.Bh7 Rf3+ 66.Kd2 Rf2+ 67.Ke3 Rg2 68.Rxf6 Rg3+ 69.Kd2 b4 70.cxb4+ Kxb4 71.Rg6 Rh3
72.Bg8 Kc5 73.f6 Kd6 74.f7+ Ke7 75.Re6+  1-0

[Event "Masters"]
[Site "Brasschaat BEL"]
[Date "2009.08.16"]
[Round "2"]
[White "Docx,S"]
[Black "Leenaerts,R"]
[Result "0-1"]
[WhiteElo "2384"]
[BlackElo "2248"]

1.e4 c5 2.Nf3 Nc6 3.Nc3 e5 4.Bc4 Be7 5.d3 d6 6.Nd2 Bg5 7.h4 Bh6 8.Nf1 Bxc1
9.Rxc1 Nf6 10.Ne3 Ne7 11.a3 O-O 12.g4 Be6 13.Qf3 Qd7 14.Nf5 Ne8 15.h5 f6
16.Qe3 h6 17.f4 exf4 18.Qxf4 Bxc4 19.dxc4 Nxf5 20.gxf5 Nc7 21.Rd1 Rad8 22.Rg1 Kh7
23.Rd3 Rfe8 24.Rdg3 Re7 25.Kf2 b5 26.Rg6 bxc4 27.Qg3 Kh8 28.Qf4 Kh7 29.Rd1 d5
30.Nxd5 Nxd5 31.Rxd5 Qe8 32.Rxd8 Qxd8 33.Qe3 Qb8 34.Rg2 Qxb2 35.Kf3 Qa1 36.Rg1 Qb2
37.Rd1 Qxc2 38.Rc1 Qh2 39.Rxc4 Qxh5+ 40.Kf2 Qh2+ 41.Kf3 Rd7 42.Rxc5 Rd1 43.Qe2 Qh1+  0-1

[Event "Masters"]
[Site "Brasschaat BEL"]
[Date "2009.08.17"]
[Round "3"]
[White "Laurent,B"]
[Black "Dardha,A"]
[Result "1/2-1/2"]
[WhiteElo "2339"]
[BlackElo "2291"]

1.e4 c5 2.Nf3 Nc6 3.Nc3 d6 4.d4 cxd4 5.Nxd4 e5 6.Ndb5 a6 7.Na3 Nf6 8.Bg5 b5
9.Nd5 Be7 10.Bxf6 Bxf6 11.c4 b4 12.Nc2 a5 13.Qf3 Be6 14.Rd1 Bxd5 15.cxd5 Na7
16.Be2 Bg5 17.Ne3 Rc8 18.g3 Qb6 19.Nc4  1/2-1/2

[Event "5th FIDE GP"]
[Site "Jermuk ARM"]
[Date "2009.08.17"]
[Round "8"]
[White "Akopian,Vl"]
[Black "Bacrot,E"]
[Result "1/2-1/2"]
[WhiteElo "2712"]
[BlackElo "2721"]

1.e4 c5 2.Nf3 Nc6 3.Nc3 g6 4.d4 cxd4 5.Nxd4 Bg7 6.Be3 Nf6 7.Bc4 Qa5 8.O-O O-O
9.Bb3 d6 10.h3 Bd7 11.Re1 Rfc8 12.Qd2 Ne5 13.Bh6 Nc4 14.Bxc4 Bxh6 15.Qxh6 Rxc4
16.Rad1 Qb6 17.e5 dxe5 18.Nf3 e4 19.Ne5 Rd4 20.Rxd4 Qxd4 21.Nxd7 Qxd7 22.Nxe4 Nxe4
23.Rxe4 Qd1+ 24.Kh2 Qd6+ 25.Kg1 Qd1+ 26.Kh2 Qd6+  1/2-1/2

[Event "Baltic Queen"]
[Site "St Petersburg RUS"]
[Date "2009.08.17"]
[Round "6"]
[White "Paehtz,E"]
[Black "Arakhamia,K"]
[Result "0-1"]
[WhiteElo "2474"]
[BlackElo "2506"]

1.e4 c5 2.Nc3 Nc6 3.Bb5 g6 4.Bxc6 dxc6 5.d3 Nf6 6.Be3 b6 7.h3 Bg7 8.Qd2 c4
9.Bh6 Bxh6 10.Qxh6 cxd3 11.O-O-O Ba6 12.Nf3 Qc7 13.cxd3 O-O-O 14.d4 b5 15.a3 Nd7
16.Kb1 Kb8 17.Rc1 Qd6 18.Rhe1 Ka8 19.d5 c5 20.e5 Qb8 21.e6 fxe6 22.Rxe6 Nb6
23.Ne5 b4 24.Nc6 Bd3+ 25.Ka1 Qb7 26.Rxe7 Rd7 27.Rxd7 Nxd7 28.Qg7 Rc8 29.Na5 Qc7
30.axb4 cxb4 31.Na2 Bc2 32.Nc6 b3 33.Ncb4 Qb7 34.Qd4 Nc5 35.Nc3 Qb6 36.Nb1 Rb8
37.Nc6 Nd3 38.Qxb6 Rxb6 39.Rf1 Nf4 40.Ne7 Nxg2 41.Na3 Nf4 42.Re1 Ra6 43.Nc6 Nxd5
44.Nd4 Nb4 45.Re8+ Kb7 46.Re7+ Kc8 47.Rxh7 Nd3 48.Rh8+ Kb7 49.Rh7+ Kb6 50.Nb5 Ra4
51.Nc3 Ra5 52.Rf7 Rg5 53.Nc4+ Kc6 54.Ne2 Bd1 55.Rf6+ Kc5 56.Nd2 Re5 57.Nc3 Re1
58.Nde4+ Kb4 59.Nd5+ Ka5  0-1

[Event "24th Open"]
[Site "Schwarzach AUT"]
[Date "2009.08.18"]
[Round "4"]
[White "Jovanovic,Zo CRO"]
[Black "Womacka,M"]
[Result "1/2-1/2"]
[WhiteElo "2539"]
[BlackElo "2436"]

1.e4 c5 2.Nc3 Nc6 3.Nge2 e5 4.Nd5 Nce7 5.Nec3 Nxd5 6.Nxd5 Nf6 7.Bc4 Be7 8.d3 d6
9.f4 exf4 10.Bxf4 O-O 11.O-O Nxd5 12.Bxd5 Be6 13.Bxe6 fxe6 14.Qg4 Qd7 15.e5 d5
16.Bh6 Rxf1+ 17.Rxf1 Bf8 18.h4 Re8 19.Bg5 Be7 20.Bf6 Bxf6 21.exf6 Qf7 22.Rf3 Kh8
23.Qg5 e5 24.fxg7+ Qxg7 25.Qxg7+ Kxg7 26.Rf5 b5 27.Kf2 a5 28.Ke3 a4 29.g4 h6
30.Kd2 b4 31.a3 Re6 32.c3 b3 33.Ke2  1/2-1/2

[Event "24th Open"]
[Site "Tetevan BUL"]
[Date "2009.08.18"]
[Round "5"]
[White "Arnaudov,P"]
[Black "Daskalov,D"]
[Result "1/2-1/2"]
[WhiteElo "2263"]
[BlackElo "1936"]

1.e4 c5 2.Nc3 Nc6 3.Bb5 d6 4.Bxc6+ bxc6 5.d3 g6 6.f4 Bg7 7.g4 Nf6 8.h3 Rb8
9.Qf3 Qc7 10.Nge2 O-O 11.g5 Nd7 12.h4 Re8 13.h5 Nf8 14.f5 Qd7 15.Ng3 d5 16.hxg6 fxg6
17.Rf1 dxe4 18.dxe4 Ba6 19.Nge2 Bxe2 20.Qxe2 Be5 21.Qc4+ Kh8 22.Ne2 Rb4 23.Qxc5 Rxe4
24.Be3 Qd6 25.Rf3 gxf5 26.Rd1 Qxc5 27.Bxc5 Ne6 28.Bxa7 Nf4 29.Rf2 Nxe2 30.Rxe2 Rxe2+
31.Kxe2 Bxb2 32.Rd7 Be5 33.a4 Bd6 34.a5 Ra8 35.c4 c5 36.Bb6 Kg7 37.Ra7 Rb8
38.Bc7 Bxc7 39.Rxc7 Rb2+ 40.Kf3 Ra2 41.Rxc5 Ra4 42.Kf4 Kg6 43.Rc6+ Kf7 44.a6 Ke8
45.Rh6 Rxc4+ 46.Kxf5 Ra4 47.Rb6 Kf7 48.Rc6 Ra1 49.Kg4 Rg1+ 50.Kf4 Ra1 51.Rh6 Kg7
52.Ke4 Ra5 53.Kf4 Ra1 54.Rc6 Kf7 55.Kf5 Ra5+ 56.Kg4 Ra1 57.Kh5 Rh1+ 58.Kg4 Ra1  1/2-1/2

[Event "Open A"]
[Site "Panevezys LTU"]
[Date "2009.08.20"]
[Round "5"]
[White "Vanagas,T"]
[Black "Sciupokas,A"]
[Result "1-0"]
[WhiteElo "1860"]
[BlackElo "1936"]

1.e4 c5 2.Nf3 Nc6 3.Nc3 g6 4.d4 cxd4 5.Nxd4 Bg7 6.Be3 Nf6 7.Bc4 Qa5 8.O-O O-O
9.Bb3 Ng4 10.Qxg4 Nxd4 11.f4 e6 12.Rad1 f5 13.Qg5 Nxb3 14.axb3 Bf6 15.Qh6 Bg7
16.Qg5 Bf6 17.Qh6 fxe4 18.Nxe4 Bg7 19.Qh4 d5 20.Ng5 h6 21.Nf3 Qd8 22.Qg3 Bd7
23.Qxg6 Qe8 24.Qg3 Kh7 25.Ne5 Bb5 26.Rfe1 Bxe5 27.fxe5 Qg6 28.Qh3 Rf5 29.Rd4 Raf8
30.c4 dxc4 31.bxc4 Bc6 32.Rg4 Rh5 33.Rxg6 Rxh3 34.Rxe6 Rh4 35.b3 a6 36.g3 Rh3
37.Bc5 Rf3 38.Rxc6 bxc6 39.Kg2  1-0

[Event "BDO Premier"]
[Site "Haarlem NED"]
[Date "2009.08.22"]
[Round "8"]
[White "Nijboer,F"]
[Black "Mas,H"]
[Result "0-1"]
[WhiteElo "2552"]
[BlackElo "2391"]

1.e4 c5 2.Nf3 Nc6 3.Nc3 g6 4.d4 cxd4 5.Nxd4 Bg7 6.Be3 Nf6 7.Bc4 d6 8.f3 Bd7
9.Qd2 Rc8 10.Bb3 h5 11.O-O-O Na5 12.Kb1 Nc4 13.Bxc4 Rxc4 14.Qd3 Rc8 15.g3 a6
16.h3 b5 17.a3 Qc7 18.g4 Qc4 19.g5 Qxd3 20.Rxd3 Nh7 21.Nd5 Nf8 22.f4 Ne6
23.Nb3 Bc6 24.Na5 Bxd5 25.Rxd5 f6 26.gxf6 Bxf6 27.Rg1 Kf7 28.Rf1 Ke8 29.Rg1 Kf7
30.Rf1 Ke8 31.Rd2 g5 32.fxg5 Nxg5 33.Bxg5 Bxg5 34.Rg2 Bf6 35.c3 Kd7 36.Nb3 Rhg8
37.Rfg1 Rxg2 38.Rxg2 Rf8 39.Kc2 Bh4 40.Nd4 Rf1 41.Nf5 Rf4 42.Re2 Bf2 43.Kb3 h4
44.Nh6 Rf3 45.e5 d5 46.e6+ Kc6 47.Nf7 Bg3 48.Rd2 Bc7 49.Rg2 Rxh3 50.Rg8 Re3
51.Rh8 h3  0-1

[Event "5th Geller Mem Open A"]
[Site "Odessa UKR"]
[Date "2009.08.22"]
[Round "3"]
[White "Stets,V"]
[Black "Mirzoev,E"]
[Result "1-0"]
[WhiteElo "2241"]
[BlackElo "2026"]

1.e4 c5 2.Nc3 Nc6 3.Bb5 Nd4 4.a4 g6 5.f4 Bg7 6.Nf3 e6 7.O-O Ne7 8.Nxd4 cxd4
9.Ne2 a6 10.Bd3 Nc6 11.Qe1 O-O 12.Qf2 f5 13.exf5 gxf5 14.Ra3 Rb8 15.Bc4 b5
16.axb5 axb5 17.Ba2 Qf6 18.Rh3 Ra8 19.Bb3 Na5 20.Ng3 Nxb3 21.Nh5 Qf7 22.Nxg7 Kxg7
23.Rxb3 Qf6 24.Rd3 d6 25.Rxd4 e5 26.fxe5 dxe5 27.Rd5 Kh8 28.d4 Bb7 29.Rxe5 Rg8
30.g3 Raf8 31.Bf4 Rg4 32.d5 Qf7 33.Bh6 Qf6 34.Re6 Qd8 35.Re5 Qd6 36.Bf4 Qf6
37.Qe3 Qh4 38.Re7 Bxd5 39.Qe5+ Qf6 40.Qxf6+ Rxf6 41.Be5 Rc4 42.Bxf6+ Kg8
43.Rd1 Rc5 44.b4  1-0

[Event "Open A"]
[Site "Panevezys LTU"]
[Date "2009.08.22"]
[Round "8"]
[White "Sciupokas,A"]
[Black "Rudys,M"]
[Result "1-0"]
[WhiteElo "1936"]
[BlackElo "1799"]

1.e4 c5 2.Nc3 Nc6 3.Bb5 g6 4.f4 e6 5.Nf3 Bg7 6.Bxc6 bxc6 7.d3 d5 8.O-O Ne7
9.Na4 Qa5 10.c4 O-O 11.Bd2 Qc7 12.Kh1 Rb8 13.Rb1 Rd8 14.Qc2 f5 15.e5 a5 16.Nxc5 Qa7
17.d4 dxc4 18.Qxc4 Nd5 19.Qa4 Rb5 20.b4 Nb6 21.Qc2 a4 22.a3 h6 23.Rbc1 Bf8
24.g4 Bxc5 25.dxc5 Nd5 26.gxf5 gxf5 27.Nd4 Qa6 28.Qd3 Kh7 29.Nxb5 cxb5 30.c6 Qb6
31.Rg1 Nf6 32.Qe3 Qxe3 33.Bxe3 Rd3 34.exf6 Rxe3 35.Rg7+ Kh8 36.Rd1  1-0

[Event "24th Open"]
[Site "Schwarzach AUT"]
[Date "2009.08.22"]
[Round "8"]
[White "Jovanovic,Zo CRO"]
[Black "Danner,G"]
[Result "1/2-1/2"]
[WhiteElo "2539"]
[BlackElo "2450"]

1.e4 c5 2.Nf3 Nc6 3.Nc3 d6 4.d4 cxd4 5.Nxd4 Nf6 6.Bg5 e6 7.Qd2 a6 8.O-O-O h6
9.Bf4 Bd7 10.Nxc6 Bxc6 11.f3 e5 12.Be3 b5 13.g4 Be7 14.h4 Qa5 15.Kb1 b4 16.Nd5 Nxd5
17.exd5 Bd7 18.Qf2 Rb8 19.Rg1 g6 20.f4 Bf6 21.Bd3 Bb5 22.fxe5 Bxe5 23.Bf4 Qb6
24.Be3 Qc7 25.h5 Bxd3 26.Rxd3 Rb7 27.Rf1 Qc4 28.Bd4 gxh5 29.Bxe5 dxe5 30.Qf6 Rg8
31.Qxe5+ Kd8 32.Rf4 Qc5 33.b3 Rxg4 34.Qh8+ Kc7 35.Rxf7+ Kb6 36.Qxh6+ Ka7
37.Rxb7+ Kxb7 38.Rd1 Rg2 39.Qh7+ Kb6 40.d6 Rg1 41.Qd3 Rxd1+ 42.Qxd1 Qg5 43.d7 Kc7
44.Qd4 h4 45.a3 bxa3 46.Qa7+ Kd8 47.Qb7 Qc5 48.Qe4 Qe7 49.Qc6 Qxd7 50.Qa8+ Qc8
51.Qd5+ Kc7 52.Qc4+ Kb7 53.Qxh4 a2+  1/2-1/2

[Event "RUS-CHN Match Rapid"]
[Site "Sochi RUS"]
[Date "2009.08.22"]
[Round "6"]
[White "Nepomniachtchi,I"]
[Black "Ni Hua"]
[Result "1-0"]
[WhiteElo "2632"]
[BlackElo "2701"]

1.e4 c5 2.Nc3 Nc6 3.Nf3 e5 4.Bc4 Be7 5.d3 d6 6.Nd2 Nf6 7.Nf1 Bg4 8.f3 Be6
9.Ne3 O-O 10.O-O Nh5 11.g3 Bg5 12.Ncd5 Bxe3+ 13.Bxe3 Nf6 14.Bg5 Bxd5 15.exd5 Nd4
16.f4 b5 17.fxe5 dxe5 18.c3 bxc4 19.dxc4 Qb6 20.Bxf6 gxf6 21.b3 Rfe8 22.Qg4+ Kh8
23.cxd4 exd4 24.Rf2 Re3 25.Raf1 Rg8 26.Qh4 Rg6 27.Rxf6 Qd8 28.R6f4 Qxh4 29.Rxh4 Kg7
30.Rhf4 Re7 31.b4 cxb4 32.Rxd4 Ra6 33.Rf2 Ra5 34.Rb2 Kf6 35.Kf2 Ke5 36.Rh4 Rc7
37.Rc2 Kd6 38.Rh6+ Ke5 39.d6 Rc8 40.d7 Rd8 41.Re2+ Kd4 42.Rh4+ Kc3 43.Re3+ Kc2
44.Rd4 Rxa2 45.c5 b3 46.c6 b2 47.Re2+ Kc3 48.Rd1 Ra1 49.Ree1 Rxd1 50.Rxd1 Kc2
51.Re1 b1=Q 52.Rxb1 Kxb1 53.Ke3 a5 54.c7 Rxd7 55.c8=Q  1-0

[Event "16th Vienna Open"]
[Site "Vienna AUT"]
[Date "2009.08.22"]
[Round "8"]
[White "Van der Weide,K"]
[Black "Jeitz,C"]
[Result "1/2-1/2"]
[WhiteElo "2481"]
[BlackElo "2221"]

1.e4 c5 2.Nf3 Nc6 3.Nc3 e6 4.g3 Nf6 5.Bg2 d5 6.exd5 Nxd5 7.O-O Nxc3 8.bxc3 Be7
9.d4 O-O 10.Re1 Bd7 11.Rb1 b6 12.h4 Rc8 13.Bg5 cxd4 14.cxd4 Na5 15.Qd3 h6
16.Bxe7  1/2-1/2

[Event "XXVI Open A"]
[Site "Collado Villalba ESP"]
[Date "2009.08.23"]
[Round "3"]
[White "San Juan Rodriguez,M"]
[Black "Semprun Martinez,F"]
[Result "0-1"]
[WhiteElo "2054"]
[BlackElo "2179"]

1.e4 c5 2.Nf3 Nc6 3.Nc3 g6 4.d4 cxd4 5.Nxd4 Bg7 6.Be3 Nf6 7.Bc4 O-O 8.f3 Qb6
9.Qd2 Nxe4 10.fxe4 Bxd4 11.Bxd4 Qxd4 12.Qxd4 Nxd4 13.O-O-O Nc6 14.Nd5 Kg7
15.Bb5 e6 16.Ne3 a6 17.Bxc6 bxc6 18.Rd6 f6 19.Nc4 Rb8 20.a4 Rb4 21.b3 Kf7
22.Kb2 Ke7 23.Rhd1 f5 24.c3 Rxc4 25.bxc4 fxe4 26.c5 Rf5 27.R6d4 Rxc5 28.Rxe4 Rf5
29.Rh4 Rf7 30.Kb3 d5 31.Kb4 Kd6 32.Kb3 e5 33.Rd2 c5 34.Kc2 d4 35.cxd4 cxd4
36.Kd1 Bd7 37.Ra2 Kd5 38.Ke1 e4 39.Rf2 Re7 40.Rf6 Bxa4 41.Rxa6 Bb5 42.Ra8 e3
43.Rd8+ Bd7 44.Ra8 Bb5 45.Rd8+ Bd7 46.Ra8 d3 47.Ra5+ Ke6 48.Re4+ Kf6 49.Rxe7 d2+  0-1

[Event "9th UIL&UL GM"]
[Site "Dahka BAN"]
[Date "2009.08.23"]
[Round "4"]
[White "Sareen,V"]
[Black "Chatterjee,D"]
[Result "1-0"]
[WhiteElo "2369"]
[BlackElo "2281"]

1.e4 c5 2.Nc3 Nc6 3.Bb5 Nd4 4.Nf3 Nxb5 5.Nxb5 d5 6.exd5 a6 7.Nc3 Nf6 8.d4 c4
9.Ne5 Nxd5 10.Ne4 Nf6 11.Nxf6+ gxf6 12.Nxc4 Rg8 13.Bf4 Qd5 14.Ne3 Qe4 15.Qf3 Qxf3
16.gxf3 Be6 17.O-O-O Rc8 18.b3 b5 19.Kb2 f5 20.Rhe1 Bg7 21.c3 Bf6 22.Nc2 Bd5
23.Rd3 Rg2 24.Re2 Rg1 25.Be5 Bg5 26.f4 Bh6 27.Rh3 Rg6 28.Ne3 Be6 29.d5 Bd7
30.Rh5 f6 31.Bd4 Bxf4 32.Nxf5 Bxf5 33.Rxf5 Bxh2 34.f4 Bg1 35.Bxg1 Rxg1 36.Rxf6 Rd8
37.Rxa6 Rxd5 38.Rh6 Rg7 39.Reh2 Rf7 40.Rxh7 Rxf4 41.R7h5 Rff5 42.Rxf5 Rxf5
43.Ka3 e5 44.Kb4 e4 45.Re2 Re5 46.c4 bxc4 47.Kxc4  1-0

[Event "16th Vienna Open"]
[Site "Vienna AUT"]
[Date "2009.08.23"]
[Round "9"]
[White "Barle,J"]
[Black "Hoffmann,Pau"]
[Result "0-1"]
[WhiteElo "2411"]
[BlackElo "2333"]

1.e4 c5 2.Ne2 Nc6 3.Nbc3 Nf6 4.g3 g6 5.Bg2 Bg7 6.O-O O-O 7.d3 d6 8.h3 Rb8
9.f4 Bd7 10.g4 b5 11.Ng3 Nd4 12.g5 Ne8 13.Kh2 e6 14.Nce2 Nxe2 15.Qxe2 f5
16.gxf6 Qxf6 17.e5 Qd8 18.Bd2 b4 19.c3 a5 20.Rac1 Qb6 21.cxb4 cxb4 22.Be3 Qa6
23.exd6 Nxd6 24.Rc7 Rf7 25.Rfc1 Nb5 26.R7c4 Rc8 27.Rxc8+ Bxc8 28.Rc6 Qb7
29.Rb6 Qd7 30.Bc6 Qd8 31.Bxb5 g5 32.fxg5 Be5 33.Qg4 Qd5 34.d4 Bc7 35.g6 Rg7
36.Bc4 Qxc4 37.gxh7+ Kh8 38.Qf3 Rxg3  0-1

[Event "9th UIL&UL GM"]
[Site "Dahka BAN"]
[Date "2009.08.24"]
[Round "5"]
[White "Ahmed,SN"]
[Black "Abdullah,AlS"]
[Result "1-0"]
[WhiteElo "2291"]
[BlackElo "2083"]

1.e4 c5 2.Nf3 Nc6 3.Nc3 g6 4.d4 cxd4 5.Nxd4 Nf6 6.Nde2 Bg7 7.g3 O-O 8.Bg2 d6
9.O-O Bd7 10.Nd5 Nxd5 11.exd5 Ne5 12.a4 Rc8 13.Ra2 Bg4 14.f3 Qb6+ 15.Kh1 Bf5
16.b3 Qc5 17.Nd4 Bd3 18.cxd3 Qxd4 19.Rd2 Nd7 20.f4 Qb4 21.d4 Nb6 22.Rd3 Rc3
23.Qe1 Rxb3 24.Rxb3 Qxb3 25.Qxe7 Qxa4 26.f5 Qd7 27.Qh4 g5 28.Qxg5 f6 29.Qf4 a5
30.Re1 Nc4 31.Bf1 Rc8 32.Re6 b5 33.Qe4 Kf8 34.Bf4 a4 35.Bxc4 bxc4 36.Bxd6+ Kg8
37.Qg4 Re8 38.Qh5 Rf8 39.Qe2 Rc8 40.Qg4 Re8 41.Qe4 Rc8 42.Bc5 Rd8 43.d6 Rf8
44.Re7 Qd8 45.Qe6+ Kh8 46.d7 c3 47.Re8 c2 48.Ba3  1-0

[Event "XXVI Open A"]
[Site "Collado Villalba ESP"]
[Date "2009.08.25"]
[Round "5"]
[White "San Juan Rodriguez,M"]
[Black "Medrano del Val,J"]
[Result "1-0"]
[WhiteElo "2054"]
[BlackElo "1810"]

1.e4 c5 2.Nf3 Nc6 3.Nc3 g6 4.d4 cxd4 5.Nxd4 Bg7 6.Be3 d6 7.Bc4 Nf6 8.f3 O-O
9.Qd2 Nd7 10.h4 Nb6 11.Bb3 Na5 12.Qd3 Bd7 13.h5 Rc8 14.hxg6 hxg6 15.O-O-O Nbc4
16.Bh6 Nxb2 17.Kxb2 Nxb3 18.axb3 Qb6 19.Bxg7 Kxg7 20.Qd2 Rh8 21.Nd5 Qd8 22.Rxh8 Qxh8
23.Nxe7 Re8 24.Nd5 Qh2 25.Qg5 Qe5 26.Qxe5+ dxe5 27.Ne2 Bc8 28.Nec3 Re6 29.Ne3 Re7
30.Rd8 Be6 31.Ncd5 Rd7 32.Rxd7 Bxd7 33.Kc3 f5 34.Nc4 fxe4 35.fxe4 b5 36.Nxe5 Bc8
37.Kb4 a6 38.c4 bxc4 39.bxc4 Kh6 40.c5 Kg5 41.c6 Kh4 42.Nxg6+ Kg3 43.Nde7 Bg4
44.c7 Kxg2 45.c8=Q Bxc8 46.Nxc8  1-0

[Event "XI Sants Open"]
[Site "Barcelona ESP"]
[Date "2009.08.26"]
[Round "6"]
[White "Martinez Duany,L"]
[Black "Ikonnikov,Vy"]
[Result "1-0"]
[WhiteElo "2507"]
[BlackElo "2556"]

1.e4 c5 2.Nf3 Nc6 3.Nc3 Nd4 4.Nxd4 cxd4 5.Ne2 Nf6 6.Ng3 Qc7 7.c3 dxc3 8.dxc3 g6
9.Be2 Bg7 10.O-O O-O 11.Be3 b6 12.f4 d6 13.Bf3 Bb7 14.Rf2 Bc6 15.Qc2 Qb7
16.Re1 Rfe8 17.h4 e5 18.f5 d5 19.Bg5 dxe4 20.Nxe4 Nxe4 21.Bxe4 Bxe4 22.Rxe4 f6
23.Be3 gxf5 24.Rxf5 Qd7 25.Rg4 Rad8 26.Qe4 Kh8 27.h5 Re6 28.h6 Bf8 29.Rf3 Qf7
30.Qf5 Rc6 31.Rfg3 Qxa2 32.c4 Bc5 33.Rg7 Bxe3+ 34.Kh2  1-0

[Event "5th Geller Mem Open A"]
[Site "Odessa UKR"]
[Date "2009.08.26"]
[Round "7"]
[White "Stets,V"]
[Black "Bogdanov,O"]
[Result "1-0"]
[WhiteElo "2241"]
[BlackElo "2287"]

1.e4 c5 2.Nc3 Nc6 3.Bb5 Nd4 4.a4 g6 5.f4 Bg7 6.Nf3 Nf6 7.O-O O-O 8.Bd3 d6
9.Nxd4 cxd4 10.Ne2 Nd7 11.Bc4 d5 12.exd5 Nb6 13.d3 Nxd5 14.Ng3 e6 15.Qf3 Nb4
16.Bb3 Bd7 17.Ne4 Bc6 18.Qe2 Nd5 19.Kh1 Qc7 20.Bd2 a5 21.c4 dxc3 22.bxc3 Rad8
23.Rac1 Nb6 24.Ra1 Rd7 25.d4 Bxe4 26.Qxe4 Nc4 27.Be1 Rc8 28.Rb1 Rd6 29.Kg1 b5
30.axb5 Na3 31.Rd1 Nxb5 32.Rf3 Rc6 33.Rdd3 Nd6 34.Qe2 Qb6 35.Ba2 Nc4 36.Rd1 Na3
37.Kh1 Qb5 38.Qf2 Qa4 39.Qe2 Nb5 40.Rdd3 Nxd4 41.cxd4 Rc2 42.Qe4 Qxa2 43.Ra3 Qc4
44.h3 a4 45.Rac3 Qa6 46.Qxc2  1-0

[Event "9th UIL&UL GM"]
[Site "Dahka BAN"]
[Date "2009.08.27"]
[Round "8"]
[White "Sareen,V"]
[Black "Rahman,Tai"]
[Result "1/2-1/2"]
[WhiteElo "2369"]
[BlackElo "2316"]

1.e4 c5 2.Nf3 Nc6 3.Nc3 e5 4.Bc4 Be7 5.O-O Nf6 6.d3 O-O 7.Bg5 d6 8.Bxf6 Bxf6
9.Nd5 Rb8 10.a4 Be6 11.c3 a6 12.Qe2 Bg5 13.Nxg5 Qxg5 14.f4 exf4 15.Rxf4 Ne5
16.Raf1 Nxc4 17.dxc4 Bxd5 18.cxd5 Rbe8 19.Rg4 Qh6 20.Qf3 Re5  1/2-1/2

[Event "6th Open"]
[Site "Kalamaria GRE"]
[Date "2009.08.27"]
[Round "7"]
[White "Llaneza Vega,M"]
[Black "Nevednichy,V"]
[Result "1-0"]
[WhiteElo "2521"]
[BlackElo "2570"]

1.e4 c5 2.Nc3 Nc6 3.Nf3 d6 4.d4 cxd4 5.Nxd4 Nf6 6.Be3 e6 7.Be2 Be7 8.Qd2 O-O
9.O-O-O a6 10.f4 Qc7 11.g4 Nxd4 12.Qxd4 Nd7 13.g5 b5 14.f5 b4 15.Qxb4 Rb8
16.Qa3 Re8 17.f6 Bf8 18.fxg7 Bxg7 19.Rhf1 Ne5 20.Qxd6 Qb7 21.b3 Nc6 22.Bh5 Rf8
23.Rf6 Ne7 24.Bc5 Ng6 25.Bxg6 hxg6 26.Rdf1 Bd7 27.Qd2 Bc6 28.Bxf8 Rxf8 29.e5 a5
30.R1f4 Qc7 31.Qe3 Qe7 32.Kb2 Qb7 33.Qc5 Qa8 34.Rc4 Bg2 35.Nb5 Bh3 36.Nd6 Qg2
37.Qe3 Bf5 38.Nxf7 Bxf6 39.Nh6+ Kh8 40.exf6  1-0

[Event "5th Geller Mem Open A"]
[Site "Odessa UKR"]
[Date "2009.08.27"]
[Round "8"]
[White "Prokhorov,A2"]
[Black "Budnikov,O"]
[Result "0-1"]
[WhiteElo "2206"]
[BlackElo "2411"]

1.e4 c5 2.Nc3 Nc6 3.Nge2 g6 4.d4 cxd4 5.Nxd4 Bg7 6.Nb3 Nf6 7.Be2 O-O 8.O-O d6
9.Bg5 a6 10.a4 b6 11.f4 Bb7 12.Bf3 Nd7 13.Rf2 Nc5 14.Rd2 Ne6 15.Nd5 Nxg5
16.fxg5 Bxb2 17.Rb1 Bg7 18.Nc1 Ne5 19.Nxb6 Rb8 20.a5 Qc7 21.Nb3 h6 22.gxh6 Bxh6
23.Re2 e6 24.Qd4 Bf4 25.Rf2 d5 26.exd5 Bxh2+ 27.Kf1 Nxf3 28.gxf3 Be5 29.Qg4 Bxd5
30.Nxd5 exd5 31.Rd1 Kg7 32.Rxd5 Rh8 33.Qe4 Bc3 34.f4 Rbe8 35.Qd3 Re1+ 36.Kg2 Rhh1
37.Rf3 Bf6 38.Nd4 Reg1+ 39.Kf2 Bh4+ 40.Ke3 Re1+ 41.Ne2 Rh2  0-1

[Event "XI Sants Open"]
[Site "Barcelona ESP"]
[Date "2009.08.28"]
[Round "8"]
[White "Solodovnichenko,Y"]
[Black "Perez Mitjans,O"]
[Result "1/2-1/2"]
[WhiteElo "2596"]
[BlackElo "2438"]

1.e4 c5 2.Nc3 Nc6 3.Nge2 g6 4.d4 cxd4 5.Nxd4 Bg7 6.Be3 d6 7.Bc4 Nf6 8.f3 O-O
9.Bb3 Bd7 10.h4 Qa5 11.Qd2 Rfc8 12.O-O-O Ne5 13.Kb1 Nc4 14.Bxc4 Rxc4 15.Nb3 Qc7
16.g4 Be6 17.h5 Rc8 18.hxg6 fxg6 19.Bd4 Bf7 20.Bxf6 exf6 21.Nb5 Qd7 22.Nxd6 Rxc2
23.Qa5 f5 24.e5 Bxb3 25.Nxc8 Rxb2+ 26.Kxb2 Bxd1 27.f4 Bf3 28.Rc1 Qd4+ 29.Qc3 Qxf4
30.Ne7+ Kf7 31.Qb3+ Kxe7 32.Qa3+ Ke8 33.Rc8+ Kd7 34.Qd6+ Kxc8 35.Qe6+ Kd8
36.Qd6+ Ke8 37.Qe6+  1/2-1/2